Countries that end with -stan - Statistics

General Stats
  • This quiz has been taken 21 times
  • The average score is 6 of 7
Answer Stats
Answer % Correct
Afghanistan
88%
Pakistan
88%
Tajikistan
88%
Kazakhstan
82%
Uzbekistan
82%
Kyrgyzstan
76%
Turkmenistan
76%
No matching quizzes found
Score Distribution
Percent of People with Each Score
Percentile by Number Answered
Your Score History
You have not taken this quiz